000 nam a22 a 4500
999 _c1796
_d1796
003 AKMAL
005 20170512091619.0
008 170512s1996 my ab g | f000 0 may d
039 9 _a201208271527
_bazma
_c201208271527
_dazma
040 _aAKMAL
_cAKMAL
049 _amal
082 0 4 _a338.9595 RAN
_222
090 0 0 _a338.9595
_bRAN
110 1 _aMalaysia
_9400
245 1 0 _aRancangan Malaysia Ketujuh 1996-2000
260 _aKuala Lumpur :
_bUnit Perancang Ekonomi, Jabatan Perdana Menteri,
_c1996
300 _axxxviii, [797]ms. :
_bil. wrn., peta ;
_c26cm.
650 1 0 _aEconomic development projects
_zMalaysia
_91337
651 0 _aMalaysia
_xEconomic policy
_949
651 0 _aMalaysia
_xEconomic conditions
_963
942 _2ddc
_cBOOK